MARC details
| 000 -LEADER |
| fixed length control field |
02882cam a2200421 i 4500 |
| 003 - CONTROL NUMBER IDENTIFIER |
| control field |
EG-GICUC |
| 005 - DATE AND TIME OF LATEST TRANSACTION |
| control field |
20260505094136.0 |
| 008 - FIXED-LENGTH DATA ELEMENTS--GENERAL INFORMATION |
| fixed length control field |
250306s2010 enk frb 001 0 eng d |
| 020 ## - INTERNATIONAL STANDARD BOOK NUMBER |
| Canceled/invalid ISBN |
9781841138718 |
| Qualifying information |
hbk. |
| 040 ## - CATALOGING SOURCE |
| Original cataloging agency |
DLC |
| Language of cataloging |
eng |
| Description conventions |
rda |
| -- |
pn |
| Transcribing agency |
DLC |
| Modifying agency |
EG-GiCUC |
| 043 ## - GEOGRAPHIC AREA CODE |
| Geographic area code |
e------ |
| -- |
n-us--- |
| 050 00 - LIBRARY OF CONGRESS CALL NUMBER |
| Classification number |
K3850 |
| 082 04 - DEWEY DECIMAL CLASSIFICATION NUMBER |
| Edition number |
21 |
| Classification number |
347 |
| 092 04 - LOCALLY ASSIGNED DEWEY CALL NUMBER (OCLC) |
| Edition number |
21 |
| 099 ## - LOCAL FREE-TEXT CALL NUMBER (OCLC) |
| Classification number |
Law 13 2010 |
| 100 1# - MAIN ENTRY--PERSONAL NAME |
| Personal name |
Marco Colino, Sandra, |
| Relator term |
|
| 245 10 - TITLE STATEMENT |
| Title |
Vertical agreements and competition law : |
| Remainder of title |
a comparative study of the EU and US regimes / |
| Statement of responsibility, etc. |
Sandra Marco Colino. |
| 264 #1 - PRODUCTION, PUBLICATION, DISTRIBUTION, MANUFACTURE, AND COPYRIGHT NOTICE |
| Place of production, publication, distribution, manufacture |
Oxford ; |
| -- |
Portland, Or. : |
| Name of producer, publisher, distributor, manufacturer |
Hart, |
| Date of production, publication, distribution, manufacture, or copyright notice |
2010. |
| 300 ## - PHYSICAL DESCRIPTION |
| Extent |
1 online resource (xxii, 199 pages) |
| Other physical details |
illustrations, |
| Dimensions |
24 cm |
| 336 ## - CONTENT TYPE |
| Content type term |
text |
| Content type code |
txt |
| Source |
rdacontent |
| 337 ## - MEDIA TYPE |
| Media type term |
computer |
| Media type code |
c |
| Source |
rdamedia |
| 338 ## - CARRIER TYPE |
| Carrier type term |
online resource |
| Carrier type code |
cr |
| Source |
rdacarrier |
| 500 ## - GENERAL NOTE |
| General note |
Based on the author's thesis (doctoral)--European University Institute, 2007. |
| 504 ## - BIBLIOGRAPHY, ETC. NOTE |
| Bibliography, etc. note |
Includes bibliographical references and index. |
| 505 00 - FORMATTED CONTENTS NOTE |
| Formatted contents note |
The enduring debate on the nature of vertical agreements -- Theorising vertical restraints : the intellectual foundations of EC competition law and US antitrust models -- Questioning the achievement of an adequate economic analysis -- The impact of competition rules on vertical contractural relationships. |
| 520 1# - SUMMARY, ETC. |
| Summary, etc. |
"This book focuses on the current legal framework for vertical agreements in the EU and the US. Over the last ten years, antitrust rules governing these agreements have undergone thorough reform. In the EU, the old sector-specific block exemptions were replaced by Regulation 2790/99, applicable to all sectors of the economy. In addition, changes introduced to the procedural rules have led to the decentralisation of Article 81(3) and the removal of the notification requirement. In like manner, in the US the Supreme Court has gradually taken vertical restraints out of the per se illegality rule. What Sylvania achieved in placing non-price vertical restraints under the rule of reason in the late 1970s, the Khan judgment did for maximum resale price maintenance in 1997, whilst most recently and most significantly in 2007 the Leegin case followed suit for minimum resale price maintenance."--BOOK JACKET. |
| 588 ## - SOURCE OF DESCRIPTION NOTE |
| Source of description note |
Description based on print version record; resource not viewed. |
| 650 #0 - SUBJECT ADDED ENTRY--TOPICAL TERM |
| Topical term or geographic name entry element |
Antitrust law |
| Geographic subdivision |
European Union countries. |
| 650 #0 - SUBJECT ADDED ENTRY--TOPICAL TERM |
| Topical term or geographic name entry element |
Exclusive contracts |
| Geographic subdivision |
European Union countries. |
| 650 #0 - SUBJECT ADDED ENTRY--TOPICAL TERM |
| Topical term or geographic name entry element |
Restraint of trade |
| Geographic subdivision |
European Union countries. |
| 650 #0 - SUBJECT ADDED ENTRY--TOPICAL TERM |
| Topical term or geographic name entry element |
Antitrust law |
| Geographic subdivision |
United States. |
| 650 #0 - SUBJECT ADDED ENTRY--TOPICAL TERM |
| Topical term or geographic name entry element |
Exclusive contracts |
| Geographic subdivision |
United States. |
| 650 #0 - SUBJECT ADDED ENTRY--TOPICAL TERM |
| Topical term or geographic name entry element |
Restraint of trade |
| Geographic subdivision |
United States. |
| 776 08 - ADDITIONAL PHYSICAL FORM ENTRY |
| Relationship information |
Print Version: |
| Title |
Vertical agreements and competition law |
| Place, publisher, and date of publication |
Oxford ; Portland, Or. : Hart, 2010. |
| International Standard Book Number |
9781841138718 |
| Record control number |
(DLC) 2011289293 |
| 856 40 - ELECTRONIC LOCATION AND ACCESS |
| Uniform Resource Identifier |
<a href="https://fll.law.cu.edu.eg/fulltext/bks/ENGB13-00119.pdf">https://fll.law.cu.edu.eg/fulltext/bks/ENGB13-00119.pdf</a> |
| 905 ## - Cataloger and Reviser Names |
| Cataloger Name: |
Hend El khosy |
| 942 ## - ADDED ENTRY ELEMENTS (KOHA) |
| Source of classification or shelving scheme |
Dewey Decimal Classification |
| Koha item type |
Books |
| Edition |
21 |
| Suppress in OPAC |
No |